Statistics for Most Guessed Capital Cities A-Z

Click here to take the quiz!

General Stats

  • This quiz has been taken 58 times
  • The average score is 16 of 24

Answer Stats

Letter%Capital City% Correct
L87%London
98%
B86%Berlin
94%
P90%Paris
94%
T78%Tokyo
86%
W84%Washington D.C
86%
M82%Madrid
84%
O75%Oslo
84%
R87%Rome
80%
Z51%Zagreb
70%
A80%Athens
68%
Q46%Quito
68%
H69%Helsinki
66%
S67%Stockholm
66%
C70%Copenhagen
62%
V74%Vienna
62%
D78%Dublin
58%
N70%New Delhi
56%
I46%Islamabad
50%
J61%Jerusalem
50%
U37%Ulaanbaatar
48%
K62%Kiev
42%
Y29%Yerevan
38%
F29%Freetown
24%
G37%Guatemala City
18%

Score Distribution

Percentile by Number Answered

Percent of People with Each Score

Your Score History

You have not taken this quiz